000 00653nam a2200265Ia 4500
005 20260121170015.0
008 008 260114s9999 xx 000 0 eng d
020 _a9783319156668
037 _aEBOOK
040 _aCRL
040 _beng
040 _cCRL
041 _2eng
041 _aeng
084 _qCRL
100 _aGeorg Job, Regina Rüffler
_91058666
245 0 _aPhysical Chemistry from a Different Angle
260 _bSpringer
260 _bSpringer
260 _c2016
856 _uhttps://link.springer.com/openurl?genre=book&isbn=978-3-319-15666-8
942 _cEBOOK
999 _c1624395
_d1624395